| 000 | 00000nam##2200000za#4500 |
| 001 | 9.607033 |
| 003 | CaOODSP |
| 005 | 20210624212926 |
| 007 | cr ||||||||||| |
| 008 | 150406|1990||||xxc|||||o f|0| 0 fre|d |
| 040 | |aCaOODSP|bfre |
| 043 | |an-cn--- |
| 086 | 1 |aEn108-3/1-12F-PDF |
| 110 | 1 |aCanada.|bConseil canadien des ministres de l'environnement. |
| 245 | 10|aLignes directrices applicables aux systèmes mobiles de traitement des biphényles polychlorés (BPC) |h[ressource électronique] |
| 260 | |aWinnipeg - Manitoba : |bConseil canadien des ministres de l'environnement |cMars 1990. |
| 300 | |a88p.|bfigures, références, tableaux |
| 500 | |aLe n° de catalogue (En108-3/1-12F) et l'ISBN (0-662-95959-0) de l'édition imprimée ont été copiés dans l'édition électronique. |
| 546 | |a(Abstract in English). |
| 590 | |a14-21-Supp|b2014-12-11 |
| 691 | 07|aGestion des déchets|2gcpds |
| 691 | 07|aProduit toxique|2gcpds |
| 775 | 08|tGuidelines for mobile polychorinated biphenyl treatment systems |w(CaOODSP)9.579731 |
| 856 | 40|ahttp://publications.gc.ca|qPDF|s3.02 Mo|uhttps://publications.gc.ca/collections/collection_2014/ec/En108-3-1-12-fra.pdf|yCCME-TS/WM-TRE012F |